Sports Quiz

Random Sports or College Quiz

Highest paid college football coaches Quiz Stats

 Plays Quiz not verified by Sporcle

Score 0/10 Timer 04:00
0 Plays Today
2009 salary coach % Correct
$4,000,000Urban Meyer
72.4%
$4,400,000Pete Carroll
70.7%
$3,900,000Nick Saban
66.4%
$3,800,000Bob Stoops
56.9%
$3,800,000Les Miles
52.6%
$2,910,000Mack Brown
44%
$4,200,000Charlie Weis
43.1%
$3,500,000Jim Tressel
40.5%
$3,030,000Kirk Ferentz
12.9%
$2,900,000Bobby Petrino
10.3%

You're not logged in!

Compare scores with friends on all Sporcle quizzes.
OR
Log In

Show Comments

Extras

Top Quizzes Today


Score Distribution

Your Account Isn't Verified!

In order to create a playlist on Sporcle, you need to verify the email address you used during registration. Go to your Sporcle Settings to finish the process.

Report this User

Report this user for behavior that violates our Community Guidelines.

Details: